[Event "FIDE World Blitz 2013"]
[Site "Khanty-Mansiysk RUS"]
[Date "2013.06.10"]
[Round "25.15"]
[White "Guseinov,G"]
[Black "Moiseenko,A1"]
[Result "1/2-1/2"]
[WhiteElo "2631"]
[BlackElo "2711"]

1.e4 c5 2.Nf3 Nc6 3.Nc3 d6 4.d4 cxd4 5.Nxd4 e5 6.Nf5 Bxf5 7.exf5 Qd7 8.Nd5 Nf6
9.Bc4 Nxd5 10.Bxd5 Qxf5 11.O-O Be7 12.f4 O-O 13.fxe5 Qxe5 14.c3 Bg5 15.Bxg5 Qxg5
16.Qb3 Ne5 17.Qxb7 Rab8 18.Qxa7 Rxb2 19.Rf2 Rd2 20.Rxd2 Qxd2 21.Qd4 Qg5 22.a4 Ng4
23.h3 Ne3 24.Qd2 Qxd5 25.Qxe3 Qa5 26.Qd4 d5 27.Kh1 h6 28.Qb4 Ra8 29.Qd4 Rb8
30.Re1 Rc8 31.Rd1 Rc4 32.Qxd5 Qxd5 33.Rxd5 Rxa4 34.Rc5  1/2-1/2

[Event "FIDE World Blitz 2013"]
[Site "Khanty-Mansiysk RUS"]
[Date "2013.06.10"]
[Round "27.24"]
[White "Popov,Iv RUS"]
[Black "Cherniaev,A1"]
[Result "1/2-1/2"]
[WhiteElo "2632"]
[BlackElo "2447"]

1.e4 c5 2.Nf3 Nc6 3.Nc3 Nf6 4.d4 cxd4 5.Nxd4 e5 6.Ndb5 d6 7.Bg5 a6 8.Na3 Be6
9.Nc4 Rc8 10.Bxf6 Qxf6 11.Nb6 Rb8 12.Ncd5 Qd8 13.c3 g6 14.Bc4 Bh6 15.O-O O-O
16.a4 Kh8 17.a5 Nxa5  1/2-1/2

[Event "FIDE World Blitz 2013"]
[Site "Khanty-Mansiysk RUS"]
[Date "2013.06.10"]
[Round "27.19"]
[White "Kurnosov,I"]
[Black "Rakhmanov,Ale"]
[Result "1-0"]
[WhiteElo "2657"]
[BlackElo "2602"]

1.e4 c5 2.Nc3 Nc6 3.Nf3 Nf6 4.Bb5 Na5 5.d4 a6 6.Be2 cxd4 7.Nxd4 d6 8.O-O e6
9.f4 Be7 10.e5 dxe5 11.fxe5 Bc5 12.Be3 Nc6 13.exf6 Bxd4 14.Bxd4 Qxd4+ 15.Qxd4 Nxd4
16.Bd3 gxf6 17.Rxf6 Ke7 18.Raf1 Nf5 19.R1xf5 exf5 20.Nd5+ Kf8 21.Nb6 Kg7
22.Rd6 Rb8 23.Bc4 Re8 24.Bd3 Be6 25.Rd4 Rbd8 26.Rb4 Kf6 27.a4 Rg8 28.Kf2 Rg4
29.Rxg4 fxg4 30.Bxh7 Bf5 31.Bxf5 Kxf5 32.Nc4 Ke4 33.a5 f5 34.Kg3 f4+ 35.Kxg4 Rg8+
36.Kh3 Rh8+ 37.Kg4 Rxh2 38.Nd2+ Kd5 39.Kf3 Kd4 40.Nb3+ Kc4 41.Nc1 Kb5 42.Nd3 Kxa5
43.Nxf4 Kb5 44.Ne2 Kc5 45.g4 Kd5 46.Nf4+ Ke5 47.Nd3+ Kd6 48.c3 Rd2 49.Ke4 Rg2
50.Kf3 Rd2 51.Ke4 a5 52.b3 Re2+ 53.Kd4 Rg2 54.Kc4 Rxg4+ 55.Kb5 Kd5  1-0

[Event "FIDE World Blitz 2013"]
[Site "Khanty-Mansiysk RUS"]
[Date "2013.06.10"]
[Round "29.29"]
[White "Sibriaev,A"]
[Black "Salem,AR"]
[Result "0-1"]
[WhiteElo "2239"]
[BlackElo "2531"]

1.Nc3 c5 2.e4 Nc6 3.Nge2 d6 4.g3 g6 5.Bg2 Bg7 6.d3 e6 7.O-O Nge7 8.Be3 Nd4
9.a4 O-O 10.Qd2 Nec6 11.f4 f5 12.Kh1 Rb8 13.Nd1 b6 14.Nxd4 cxd4 15.Bg1 Bb7
16.c3 Qd7 17.cxd4 Nxd4 18.Ra3 Rbc8 19.Nc3 h6 20.h3 Kh7 21.Be3 a6 22.Qf2 e5
23.Kh2 Kh8 24.Kh1 g5 25.Nd5 Rc2 26.Qe1 Bxd5 27.Bxd4 exd4 28.exd5 Re8 29.Qd1 Ree2
30.Bf3 Rh2+ 31.Kg1 gxf4 32.Rb3 Be5 33.Rxb6 Qc7 34.Rc6 Rxc6 35.dxc6 fxg3 36.Bd5 Qb8
37.Qc1 Kg7 38.Rxf5 Qxb2 39.Qxb2 Rxb2 40.Rf7+ Kg6 41.Rb7 Rc2 42.c7 Bf4 43.Ra7 Be3+
44.Kf1 Kf6 45.Be4 Ke5 46.a5 d5 47.Bf3 h5 48.Bxh5 g2+  0-1

[Event "FIDE World Blitz 2013"]
[Site "Khanty-Mansiysk RUS"]
[Date "2013.06.10"]
[Round "30.23"]
[White "Pridorozhni,A"]
[Black "Cherniaev,A1"]
[Result "0-1"]
[WhiteElo "2512"]
[BlackElo "2447"]

1.e4 c5 2.Nc3 Nc6 3.Bb5 Nd4 4.Nf3 e6 5.Nxd4 cxd4 6.Ne2 Qg5 7.Bd3 Qxg2 8.Ng3 Qh3
9.c3 Bc5 10.b4 Bb6 11.Bb2 dxc3 12.Bxc3 Nf6 13.Bxf6 gxf6 14.Qf3 Bd4 15.Rc1 Rg8
16.Bf1 Qg4 17.Qd3 Bb6 18.Be2 Qf4 19.O-O h5 20.Bxh5 Rh8 21.Qe2 Ke7 22.Kg2 d6
23.Qg4 Qh6 24.a4 Bd7 25.a5 Rag8 26.axb6 Rxg4 27.Bxg4 Bc6 28.b5 f5 29.bxc6 fxg4
30.h4 bxc6 31.bxa7 Ra8 32.Rxc6 Rxa7 33.e5 Qf4 34.exd6+ Kd7 35.Rfc1 Qf3+ 36.Kg1 Qxc6
37.Rxc6 Kxc6 38.Nh5 f5 39.Kg2 Kxd6 40.Nf4 Ra2 41.h5 Ke7 42.d4 Kf6 43.Kg3 Ra1
44.Kg2 Ra8 45.d5 e5 46.Ne6 Rh8 47.Nc5 e4 48.d6 Rxh5 49.Kg3 Rh1 50.Kf4 Rf1  0-1

[Event "FIDE World Blitz 2013"]
[Site "Khanty-Mansiysk RUS"]
[Date "2013.06.10"]
[Round "30.25"]
[White "Popov,Iv RUS"]
[Black "Potapov,P"]
[Result "1-0"]
[WhiteElo "2632"]
[BlackElo "2460"]

1.e4 c5 2.Nc3 Nc6 3.Nge2 e5 4.g3 g6 5.Bg2 Bg7 6.O-O Nge7 7.f4 d6 8.d3 O-O
9.Nd5 Nxd5 10.exd5 Ne7 11.h3 f5 12.c4 Rb8 13.Rb1 b5 14.fxe5 dxe5 15.Be3 Qd6
16.b4 bxc4 17.bxc5 Rxb1 18.cxd6 Rxd1 19.Rxd1 cxd3 20.dxe7 dxe2 21.exf8=Q+ Bxf8
22.Re1 Ba6 23.Kf2 Bb4 24.Rxe2 Bxe2 25.Kxe2 a5 26.Bd2  1-0

[Event "Alushta Summer-2013-2"]
[Site "Alushta UKR"]
[Date "2013.06.11"]
[Round "10"]
[White "Frhat,A"]
[Black "Agaragimov,D"]
[Result "1-0"]
[WhiteElo "2352"]
[BlackElo "2376"]

1.e4 c5 2.Nc3 Nc6 3.Nf3 Nf6 4.d4 cxd4 5.Nxd4 e5 6.Ndb5 d6 7.Bg5 a6 8.Na3 b5
9.Bxf6 gxf6 10.Nd5 f5 11.Nxb5 axb5 12.Bxb5 Bd7 13.exf5 Rb8 14.a4 Qg5 15.O-O Rg8
16.g3 Qxf5 17.a5 e4 18.c4 Rg6 19.a6 Kd8 20.Qa4 Rh6 21.Bxc6 Qh3 22.Qa5+  1-0

[Event "2nd Grand Europe Open 2013"]
[Site "Golden Sands BUL"]
[Date "2013.06.11"]
[Round "2.30"]
[White "Grover,S"]
[Black "Aravindh,Chithambaram VR."]
[Result "1-0"]
[WhiteElo "2478"]
[BlackElo "2328"]

1.e4 c5 2.Nf3 Nc6 3.Nc3 e5 4.Bc4 Be7 5.d3 d6 6.O-O Nf6 7.Ng5 O-O 8.f4 Bg4
9.Qe1 exf4 10.Bxf4 Nd4 11.Qd2 Qd7 12.Be3 h6 13.Nf3 Nxf3+ 14.gxf3 Be6 15.Kh1 Kh7
16.Bxe6 fxe6 17.Qg2 Qe8 18.Rg1 Qf7 19.Ne2 Rg8 20.f4 d5 21.c4 Rad8 22.Raf1 dxe4
23.dxe4 b6 24.Nc3 Rd3 25.Rf3 Rgd8 26.Rh3 Bf8 27.e5 Ne8 28.Ne4 Qf5 29.Nf2 R3d7
30.Bc1 Qf7 31.b3 a6 32.a4 a5 33.Rg3 Qh5 34.Rg4 Qf7 35.Rg6 Re7 36.Qg4 Rd4
37.Be3 Rdd7 38.Qg2 Rd8 39.Qg4 Rdd7 40.Rg3 Rd8 41.Kg1 Rdd7 42.Kf1 Rd8 43.Ke2 Rdd7
44.Ne4 Rd8 45.Nd2 Nc7 46.Nf3 Red7 47.Qh5 Qf5 48.Qxf5 exf5 49.Rxb6 Rd3 50.Nh4 Rc3
51.Bd2 Rc2 52.Rd3 Be7 53.Nxf5 Re8 54.Rb7 Bd8 55.Rd7 Ne6 56.Nxg7 Nxf4+ 57.Kd1  1-0

[Event "2nd Grand Europe Open 2013"]
[Site "Golden Sands BUL"]
[Date "2013.06.12"]
[Round "3.13"]
[White "Venkatesh,M"]
[Black "Gagare,Shar"]
[Result "1-0"]
[WhiteElo "2506"]
[BlackElo "2407"]

1.e4 c5 2.Nc3 Nc6 3.Bb5 Nd4 4.Bc4 g6 5.Nf3 Bg7 6.Nxd4 cxd4 7.Qf3 Nh6 8.Ne2 O-O
9.c3 dxc3 10.dxc3 d6 11.h3 Kh8 12.g4 Ng8 13.h4 h6 14.Ng3 Be5 15.g5 Bxg3 16.Qxg3 h5
17.Be3 Qc7 18.Bd3 Be6 19.Bd4+ Kh7 20.b3 Bd7 21.f4 f5 22.gxf6 Nxf6 23.Qg5 e5
24.fxe5 dxe5 25.Bxe5 Qd8 26.O-O Ng4 27.Rxf8 Qxf8 28.Rf1 Qc5+ 29.Bd4 Qxg5
30.Rf7+ Kg8 31.Rg7+ Kf8 32.hxg5 Bc6 33.Bc4 b5 34.Rg8+ Ke7 35.Bc5+ Kd7 36.Rg7+ Kd8
37.Be6 a5 38.Bd6 a4 39.b4 Ra6 40.e5 Nxe5 41.Bxe5 Be4 42.Bf6+  1-0

[Event "27th Pula Open 2013"]
[Site "Pula CRO"]
[Date "2013.06.12"]
[Round "6.15"]
[White "Ledger,A"]
[Black "Kolesar,Mil"]
[Result "1/2-1/2"]
[WhiteElo "2389"]
[BlackElo "2138"]

1.e4 c5 2.Nc3 Nc6 3.Bb5 Nd4 4.Bc4 g6 5.Nf3 Bg7 6.O-O d6 7.Nxd4 cxd4 8.Ne2 Nf6
9.d3 Nd7 10.f4 O-O 11.Qe1 Nb6 12.Bb3 Be6 13.c3 Bxb3 14.axb3 dxc3 15.bxc3 d5
16.e5 e6 17.Ba3 Re8 18.Nd4 a6 19.Ra2 Nd7 20.Bd6 Bf8 21.Bxf8 Nxf8 22.g4 f5
23.exf6 Qxf6 24.Re2 Qf7 25.Re3 Rac8 26.Ne2 Nd7 27.d4 Nf6 28.h3 Ne4 29.Ng3 Nd6
30.Kg2 a5 31.Rf2 b5 32.Qa1 Ra8 33.Qa3 Qc7 34.Rfe2 b4 35.cxb4 Nb5 36.Qb2 axb4
37.f5 Nc3 38.Qc1 Qb6 39.Rf2 exf5 40.Rxe8+ Rxe8 41.gxf5 Qxd4 42.fxg6 hxg6
43.Qg5 Qg7 44.Rf6 Kh7 45.Qh4+ Kg8 46.Qg5 Kh7 47.Qh4+  1/2-1/2

[Event "Kings Place Rapid 2013"]
[Site "London ENG"]
[Date "2013.06.15"]
[Round "1.5"]
[White "Payne,Matthew J"]
[Black "Rendle,T"]
[Result "0-1"]
[WhiteElo "1974"]
[BlackElo "2384"]

1.e4 c5 2.Nc3 Nc6 3.Bb5 Nd4 4.Bc4 Nf6 5.Nge2 a6 6.d3 e6 7.O-O b5 8.Bb3 Nxb3
9.axb3 Bb7 10.f4 b4 11.Nb1 d5 12.e5 Ng4 13.h3 Nh6 14.Ng3 g6 15.d4 cxd4 16.Qxd4 Rc8
17.Qd3 Bc5+ 18.Kh1 Qh4 19.Bd2 Nf5 20.Be1 Qe7 21.Nxf5 gxf5 22.Nd2 Rg8 23.Nf3 d4
24.Bh4 Qd7 25.Rf2 Qd5 26.Rd2 Qe4 27.Bg5 Rg6 28.h4 h6 29.h5 Rg8 30.Bxh6 Rh8
31.Bg5 Rxh5+ 32.Kg1 Qe3+ 33.Qxe3 dxe3 34.Re2 Kd7 35.Rd1+ Kc7 36.Nd4 Rch8  0-1

[Event "17th Petr Izmailov"]
[Site "Tomsk RUS"]
[Date "2013.06.16"]
[Round "6.4"]
[White "Egorov,E"]
[Black "Belozerov,A"]
[Result "0-1"]
[WhiteElo "2352"]
[BlackElo "2511"]

1.e4 c5 2.Nc3 Nc6 3.Nge2 g6 4.g3 Bg7 5.Bg2 Rb8 6.h4 Nf6 7.Nd5 d6 8.c3 Bg4
9.Ne3 Bd7 10.d4 cxd4 11.cxd4 O-O 12.O-O Re8 13.Nd5 e5 14.Bg5 exd4 15.Nxd4 Nxd4
16.Qxd4 Nxd5 17.Qxd5 Bc6 18.Qd3 Qb6 19.Qxd6 Qxb2 20.a3 Be5 21.Qc5 Bd4 22.Qd6 Be5
23.Qc5 Bd4 24.Qd6 f6 25.Rab1 Bxf2+ 26.Kh2 Qd4 27.Qxd4 Bxd4 28.Bxf6 Bxf6 29.Rxf6 Rbd8
30.Rb2 Rd7 31.Rf4 Re5 32.Kg1 Rd3 33.Rf3 Rd1+ 34.Rf1 Rxf1+ 35.Kxf1 Kf7 36.Kf2 Rc5
37.Rb3 Ke6 38.Ke3 Ke5 39.Rd3 h6 40.Kd2 Bxe4 41.Bxe4 Kxe4 42.Rb3 b6 43.a4 h5
44.Ke2 Rc2+ 45.Kf1 Ra2 46.Rb4+ Kf3 47.Rb3+ Kg4 48.Rb5 Rxa4 49.Rg5+ Kf3  0-1

[Event "12th TCh-BIH Prem"]
[Site "Sarajevo BIH"]
[Date "2013.06.18"]
[Round "4.1"]
[White "Kadric,D"]
[Black "Miljkovic,Mir1"]
[Result "1-0"]
[WhiteElo "2460"]
[BlackElo "2462"]

1.e4 c5 2.Nc3 Nc6 3.Bb5 Nd4 4.Nf3 e6 5.O-O a6 6.Bd3 Ne7 7.Nxd4 cxd4 8.Ne2 Nc6
9.c3 Bc5 10.b4 Ba7 11.Bb2 dxc3 12.Bxc3 O-O 13.a4 d6 14.b5 Ne5 15.Bc2 axb5
16.axb5 Bd7 17.d4 Ng6 18.Bd3 Qf6 19.f4 Rfc8 20.Kh1 Qd8 21.f5 exf5 22.exf5 Ne7
23.Ba5 Bb6 24.Bd2 Rxa1 25.Qxa1 Qe8 26.f6 Bf5 27.Qb1 Bxd3 28.Qxd3 Ng6 29.fxg7 d5
30.Ng3 Qe6 31.Nh5 f5 32.Qxf5 Qxf5 33.Rxf5 Bxd4 34.Rxd5 Bxg7 35.Nxg7 Kxg7
36.Rd7+ Kg8 37.h3 b6 38.Rb7 Rc2 39.Bh6 Nh4 40.Rg7+ Kh8 41.Rf7 Rxg2 42.Rf4 Rg3
43.Rxh4 Rb3 44.Rh5  1-0

[Event "8th Teplice Open 2013"]
[Site "Teplice CZE"]
[Date "2013.06.19"]
[Round "5.34"]
[White "Partys,P"]
[Black "Vales,V"]
[Result "1-0"]
[WhiteElo "1976"]
[BlackElo "2176"]

1.e4 c5 2.Nc3 Nc6 3.Bb5 e6 4.Bxc6 bxc6 5.d3 f6 6.f4 d5 7.Nf3 Bd7 8.O-O Ne7
9.Qe1 Qb6 10.Kh1 O-O-O 11.b3 Qa6 12.Na4 c4 13.dxc4 dxc4  1-0

[Event "13th IPCA World Championship"]
[Site "Velke Losiny CZE"]
[Date "2013.06.19"]
[Round "2.1"]
[White "Pronin,Vl"]
[Black "Obodchuk,A"]
[Result "0-1"]
[WhiteElo "2056"]
[BlackElo "2410"]

1.e4 c5 2.Nf3 Nc6 3.Nc3 d6 4.d3 g6 5.g3 Bg7 6.Bg2 e5 7.O-O Nge7 8.Be3 O-O
9.Ne1 Be6 10.Qd2 f5 11.f4 fxe4 12.dxe4 Nd4 13.Nd5 Bxd5 14.exd5 Nef5 15.c3 Nxe3
16.Qxe3 exf4 17.Qd2 Nf5 18.Qxf4 Qb6 19.Qd2 Bh6 20.Qc2 c4+ 21.Kh1 Rae8 22.Bh3 Qc5
23.Bxf5 Qxd5+ 24.Qg2 Qxg2+ 25.Nxg2 gxf5 26.Rae1 Re5 27.Kg1 Kg7 28.Nh4 Kf6
29.Rxe5 Kxe5 30.Re1+ Kf6 31.Rd1 Ke6 32.Re1+ Kd7 33.Rf1 f4 34.g4 Bg7 35.Nf5 Be5
36.Kf2 b5 37.a3 a5 38.Kf3 Rb8 39.Ke4 Kc6 40.h4 Re8 41.Kf3 b4 42.axb4 axb4
43.Rd1 bxc3 44.bxc3 d5 45.Nd4+ Bxd4 46.cxd4 Kb5 47.Rb1+ Ka4 48.Rb7 c3 49.Rc7 Kb3
50.g5 c2 51.Kxf4 Re1  0-1

[Event "III Marcel Duchamp Boca Jun Op"]
[Site "Buenos Aires ARG"]
[Date "2013.06.20"]
[Round "1.40"]
[White "Hernandez Amura,Luis Eduardo"]
[Black "Ibanez,F"]
[Result "1-0"]
[WhiteElo "1515"]
[BlackElo "2089"]

1.e4 c5 2.Nc3 Nc6 3.Bb5 g6 4.Bxc6 dxc6 5.d3 Bg7 6.f4 c4 7.Nf3 cxd3 8.cxd3 Nf6
9.O-O O-O 10.Qe2 Qa5 11.Bd2 Qa6 12.Rad1 Rd8 13.Bc1 Bg4 14.h3 Be6 15.b3 Nh5
16.Qd2 Ng3 17.Rf2 Bxc3 18.Qxc3 Nxe4 19.Qe5 Rxd3 20.Rxd3 Qxd3 21.Bb2 Nf6 22.g4 Qd5
23.Qc3 Rd8 24.Rd2  1-0

[Event "12th TCh-BIH Prem"]
[Site "Sarajevo BIH"]
[Date "2013.06.20"]
[Round "6.1"]
[White "Perunovic,Mil"]
[Black "Miljkovic,Mir1"]
[Result "1-0"]
[WhiteElo "2628"]
[BlackElo "2462"]

1.e4 c5 2.Nf3 Nc6 3.Nc3 Nf6 4.Bb5 Qc7 5.d3 Nd4 6.Bc4 e6 7.Nxd4 cxd4 8.Nb5 Qb6
9.c3 dxc3 10.Nxc3 d6 11.Be3 Qd8 12.d4 Be7 13.Bb3 O-O 14.O-O Bd7 15.e5 Ne8
16.Qg4 Kh8 17.Qg3 f5 18.exd6 Nxd6 19.d5 exd5 20.Bd4 Bf6 21.Bxf6 Rxf6 22.Nxd5 Rg6
23.Qe3 Re6 24.Qf4 Qf8 25.Rfd1 Re4 26.Qd2 Nb5 27.Nb6 Bc6 28.Nxa8 Nd4 29.f3 Qc5
30.Kh1 Nxf3 31.Qc3  1-0

[Event "8th Teplice Open 2013"]
[Site "Teplice CZE"]
[Date "2013.06.20"]
[Round "6.22"]
[White "Hrbolka,L jr"]
[Black "Kristiansen,Jen"]
[Result "1-0"]
[WhiteElo "2164"]
[BlackElo "2412"]

1.e4 c5 2.Nf3 Nc6 3.Nc3 d6 4.d4 cxd4 5.Nxd4 Nf6 6.Bg5 e6 7.Qd2 a6 8.O-O-O Bd7
9.f4 b5 10.Nxc6 Bxc6 11.Qe1 Qa5 12.Bxf6 gxf6 13.Kb1 Be7 14.Bd3 Rg8 15.Qf2 Rb8
16.Rhe1 b4 17.Ne2 Qb6 18.Qh4 Rxg2 19.Qxh7 Qe3 20.f5 e5 21.Bc4 d5 22.Qh8+ Bf8
23.Qxf6 Rb6 24.Qxe5+  1-0

[Event "8th Teplice Open 2013"]
[Site "Teplice CZE"]
[Date "2013.06.22"]
[Round "8.22"]
[White "Hrbolka,L jr"]
[Black "Balin,J"]
[Result "1/2-1/2"]
[WhiteElo "2164"]
[BlackElo "2342"]

1.e4 c5 2.Nf3 Nc6 3.Nc3 g6 4.d4 cxd4 5.Nxd4 Bg7 6.Be3 Nf6 7.Nb3 O-O 8.Be2 d6
9.O-O Bd7 10.h3 a5 11.a4 Nb4 12.Bf3 Nc6 13.Be2 Nb4 14.Bf3 Nc6 15.Be2 Nb4
16.Bf3 Nc6 17.Be2 Nb4  1/2-1/2

[Event "US Juniors 2013"]
[Site "Saint Louis USA"]
[Date "2013.06.23"]
[Round "9.3"]
[White "Liou,Y"]
[Black "Shetty,A"]
[Result "1-0"]
[WhiteElo "2385"]
[BlackElo "2320"]

1.e4 c5 2.Nc3 Nc6 3.Bb5 Nd4 4.Bc4 d6 5.Nge2 Nf6 6.d3 g6 7.Nxd4 cxd4 8.Ne2 e5
9.c3 dxc3 10.Nxc3 Bg7 11.O-O h6 12.Qa4+ Bd7 13.Qb3 O-O 14.Qxb7 a5 15.Qb3 a4
16.Qa3 Bc6 17.Nd5 Bxd5 18.exd5 Qc7 19.Bd2 Rfd8 20.Bb5 Nxd5 21.Rac1 Qb8 22.Bc6 Nf4
23.Bxa8 Qxa8 24.Bxf4 exf4 25.d4 Bxd4 26.Rc4 Qd5 27.Qxa4 Bxb2 28.Rxf4 Be5
29.Rf3 Rb8 30.Rd1 Qc5 31.h3 Kg7 32.Rb3 Qc2 33.Rf1 Rc8 34.Qa7 Rc7 35.Qa8 Rc8
36.Qa6 Rc6 37.Qa4 Rc4 38.Qa3 Qe4 39.Rf3 Rc7 40.Qb3 Rb7 41.Qd3 Qc6 42.Re3 Ra7
43.Re2 Ra4 44.Rc2 Qa8 45.Qe2 Ra3 46.Rd1 Qb7 47.Qc4 Qa7 48.Rb1 Qe7 49.Rb3 Ra5
50.g3 Ra7 51.Qc8 d5 52.Qg4 Qd6 53.Qb4 Qd7 54.Kh2 Qf5 55.Re2 Rc7 56.Qg4 Qf6
57.Qf3 Qd6 58.Qe3 Re7 59.Kg2 d4 60.Qf3 Rc7 61.Qe4 Bf6 62.Rd2 Rc1 63.Rc2 Ra1
64.Rc6 Qd7 65.Rf3 Bg5 66.Rc7 Qxc7 67.Qxd4+ Kg8 68.Qxa1 h5 69.h4 Be7 70.Qe1 Qd7
71.Qe4  1-0

[Event "V4 Liptov IM 2013"]
[Site "Liptovsky Mikulas SVK"]
[Date "2013.06.25"]
[Round "8.1"]
[White "Macko,M"]
[Black "Jozefek,M"]
[Result "0-1"]
[WhiteElo "2135"]
[BlackElo "2207"]

1.e4 c5 2.Nc3 Nc6 3.Bb5 Nd4 4.Bc4 d6 5.Nge2 Nf6 6.O-O a6 7.d3 b5 8.Bb3 Nxb3
9.axb3 Bd7 10.f4 e6 11.e5 dxe5 12.fxe5 Ng4 13.Bf4 g5 14.Bd2 Nxe5 15.Ne4 Be7
16.N2g3 O-O 17.Bc3 f6 18.Nxg5 Ng6 19.Qh5 fxg5 20.Qh6 Rxf1+ 21.Rxf1 Bf8 22.Qh5 e5
23.Ne4 Be7 24.Rf7 Kxf7 25.Qxh7+ Ke6 26.Qxg6+ Kd5 27.Be1 c4 28.b4 Be6 29.dxc4+ bxc4
30.Bf2 Qg8 31.Nc3+ Kc6 32.Qe4+ Bd5 33.Qe3 Qd8 34.Qxe5 Bxb4 35.Na4 Bd6 36.Qe3 Qa5
37.b3 Rf8 38.Qxg5 Rg8 39.Qh5 Qd2  0-1

[Event "III Marcel Duchamp Boca Jun Op"]
[Site "Buenos Aires ARG"]
[Date "2013.06.26"]
[Round "6.3"]
[White "Hernandez Guerrero,G"]
[Black "Calderon Fernandez,G"]
[Result "1-0"]
[WhiteElo "2523"]
[BlackElo "2331"]

1.e4 c5 2.Nc3 Nc6 3.Bb5 g6 4.Bxc6 dxc6 5.f4 Bg7 6.Nf3 Nf6 7.O-O O-O 8.d3 b6
9.Qe1 Nd7 10.Be3 f5 11.e5 Qc7 12.Ng5 Nb8 13.Rd1 Rd8 14.Qh4 h6 15.Nf3 Be6
16.Qg3 Kh7 17.h4 Qd7 18.d4 c4 19.h5 gxh5 20.Qh3 Qe8 21.d5 cxd5 22.Nd4 Qf7
23.Ncb5 Na6 24.Nxe6 Qxe6 25.Nd4 Qg6 26.Nxf5 Bf8 27.Nd4 Nc5 28.Rf3 Ne4 29.Ne6 Qg4
30.Nxd8 Rxd8 31.f5 Bg7 32.Qxg4 hxg4 33.Rf4 Ng3 34.Kf2 Nh5 35.Rxg4 Rf8 36.Rxd5 Rxf5+
37.Ke2  1-0

[Event "9th Prague Festival IM"]
[Site "Prague CZE"]
[Date "2013.06.26"]
[Round "5.5"]
[White "Tuma,Ja"]
[Black "Piscopo,P"]
[Result "1/2-1/2"]
[WhiteElo "2303"]
[BlackElo "2397"]

1.e4 c5 2.Nf3 Nc6 3.Nc3 Nf6 4.d4 cxd4 5.Nxd4 e5 6.Ndb5 d6 7.Bg5 a6 8.Na3 b5
9.Bxf6 gxf6 10.Nd5 f5 11.c3 Bg7 12.exf5 Bxf5 13.Nc2 O-O 14.Nce3 Be6 15.g3  1/2-1/2

[Event "8th Vladimir Dvorkovich Cup"]
[Site "Moscow RUS"]
[Date "2013.06.27"]
[Round "3.7"]
[White "Shtembuliak,E"]
[Black "Ghvamberia,N"]
[Result "1-0"]
[WhiteElo "2251"]
[BlackElo "2047"]

1.e4 c5 2.Nc3 Nc6 3.Bb5 Nd4 4.Bc4 g6 5.Nge2 Bg7 6.Nxd4 cxd4 7.Qf3 e6 8.Nb5 Be5
9.c3 dxc3 10.d4 a6 11.dxe5 axb5 12.Bb3 Qc7 13.bxc3 Qxe5 14.Bf4 Qg7 15.O-O f6
16.Qd3 Ne7 17.Qxb5 O-O 18.Bd6 Ra6 19.Rad1 Re8 20.Bxe6+ Kh8 21.Bb3 Nc6 22.Rfe1 Ne5
23.Qd5 g5 24.Qd2 Nf7 25.Bb4 g4 26.Qf4 Ne5 27.c4 Rae6 28.c5 Ra6 29.Re3 b6
30.cxb6 Rxb6 31.Bd6 Rc6 32.h3 Ba6 33.hxg4 Ng6 34.Qf5 Rec8 35.Ba3 Ne5 36.Rg3 Be2
37.Rb1 Bxg4 38.Qf4 h5 39.f3 h4 40.Rxg4 Nxg4 41.Qxg4 Qxg4 42.fxg4 Kg7 43.Bd5 Rc2
44.Rf1 h3 45.gxh3 R8c3 46.Bd6 Rd2 47.Rf2 Rdd3 48.Kg2 Kg6 49.h4 Rd1 50.Bf4 Rcd3
51.h5+ Kg7 52.g5 fxg5 53.Bxg5 Rxd5 54.exd5 Rxd5 55.h6+  1-0

[Event "III Marcel Duchamp Boca Jun Op"]
[Site "Buenos Aires ARG"]
[Date "2013.06.29"]
[Round "9.18"]
[White "Rodriguez Vila,A"]
[Black "Nejanky,M"]
[Result "0-1"]
[WhiteElo "2467"]
[BlackElo "2016"]

1.e4 c5 2.Nc3 Nc6 3.Nge2 g6 4.d4 cxd4 5.Nxd4 Bg7 6.Nb3 d6 7.Be2 Nf6 8.g4 h5
9.g5 Nd7 10.f4 a6 11.Bf3 Na5 12.O-O Nc4 13.Qd3 b5 14.a4 Qb6+ 15.Kh1 Bb7 16.Nd5 Bxd5
17.exd5 Rc8 18.axb5 axb5 19.c3 b4 20.Ra4 Nxb2 21.Bxb2 bxc3 22.Qc2 O-O 23.Na5 cxb2
24.Nc6 Kh8 25.Rc4 Rfe8 26.Rb1 Ra8 27.Be4 Ra1 28.f5 Rxb1+ 29.Qxb1 Ra8 30.Qd1 Ra1
31.Bb1 Qf2 32.Nxe7 Rxb1 33.Rc8+ Kh7 34.Qxb1 Qf3+ 35.Kg1 Bd4+  0-1

[Event "TCh-MNE Prem 2013"]
[Site "Cetinje MNE"]
[Date "2013.06.29"]
[Round "6.6"]
[White "Nikac,P"]
[Black "Mugosa,Srdjan"]
[Result "1-0"]
[WhiteElo "2333"]
[BlackElo "2091"]

1.e4 c5 2.Nf3 Nc6 3.Nc3 d6 4.d4 cxd4 5.Nxd4 Nf6 6.Bc4 a6 7.O-O e6 8.Be3 Bd7
9.f4 b5 10.Bb3 b4 11.Na4 Nxe4 12.f5 Nxd4 13.Bxd4 exf5 14.Nb6 Rb8 15.Nxd7 Qxd7
16.Qf3 Ng5 17.Rae1+ Kd8 18.Qxf5 Qxf5 19.Rxf5 Ne6 20.Bxe6 fxe6 21.Rxe6 Kd7
22.Re3 Re8 23.Rf7+  1-0

[Event "IsBank TCh-TUR 2013"]
[Site "Denizli TUR"]
[Date "2013.06.29"]
[Round "1.10"]
[White "Temel,Burcu Melis"]
[Black "Hocalar,Ozge"]
[Result "1-0"]
[WhiteElo "1693"]
[BlackElo "1508"]

1.e4 c5 2.Nf3 Nc6 3.Nc3 g6 4.d4 cxd4 5.Nxd4 Bg7 6.Be3 Nf6 7.Bc4 Qa5 8.O-O O-O
9.Bb3 d6 10.h3 Bd7 11.f4 Nxd4 12.Bxd4 Bc6 13.Qd3 Nd7 14.Bxg7 Kxg7 15.f5 Rad8
16.Kh1 Nf6 17.Rae1 Qc7 18.Nd5 Bxd5 19.exd5 Rde8 20.g4 Nd7 21.Qd4+ Kg8 22.g5 Qc5
23.Qh4 f6 24.fxg6 hxg6 25.Qh6 Ne5 26.Rxe5 dxe5 27.Qxg6+ Kh8 28.Qh6+ Kg8 29.g6  1-0

[Event "22nd Anderssen Mem Eliminacje"]
[Site "Wroclaw POL"]
[Date "2013.06.29"]
[Round "3"]
[White "Swicarz,M"]
[Black "Dragun,K"]
[Result "0-1"]
[WhiteElo "2238"]
[BlackElo "2523"]

1.e4 c5 2.Nc3 Nc6 3.Bb5 Nd4 4.Bc4 e6 5.Nf3 Ne7 6.Nxd4 cxd4 7.Ne2 Nc6 8.O-O g6
9.d3 Bg7 10.f4 Na5 11.f5 O-O 12.g4 d5 13.Bb3 Nxb3 14.axb3 dxe4 15.dxe4 exf5
16.exf5 b6 17.Ng3 Bb7 18.Bf4 Re8 19.Qd2 Qd5 20.Rad1 d3 21.c3 Re2 22.Nxe2 Qg2+  0-1

[Event "22nd Anderssen Mem Eliminacje"]
[Site "Wroclaw POL"]
[Date "2013.06.29"]
[Round "5"]
[White "Swicarz,M"]
[Black "Szmacinski,Slawomir"]
[Result "1-0"]
[WhiteElo "2238"]
[BlackElo "1871"]

1.e4 c5 2.Nc3 Nc6 3.Bb5 a6 4.Bxc6 bxc6 5.f4 d6 6.Nf3 Nf6 7.O-O e6 8.d3 Be7
9.e5 Nd5 10.Ne4 O-O 11.b3 f5 12.exd6 Bxd6 13.Nxd6 Qxd6 14.Ne5 Bb7 15.Nc4 Qd7
16.Bb2 Rae8 17.Qe2 Ne7 18.Qe3 Qd5 19.Nb6 Qd8 20.Qxc5 Ng6 21.Rae1 Rf7 22.Re3 Qc7
23.Nc4 Ree7 24.Bc3 Bc8 25.Ba5 Qd7 26.Nb6 Qb7 27.Bc3 Qc7 28.Nc4 Bd7 29.a4 Rf8
30.Rg3 Rfe8 31.Nd6 Bc8 32.h4 Rd8 33.Be5 Nxe5 34.fxe5 Rdd7 35.h5 Bb7 36.a5 Ba8
37.Rff3 Qa7 38.Qxa7 Rxa7 39.Nc8 c5 40.Rf2 Rec7 41.Nxa7 Rxa7 42.Rd2 Rd7 43.c3 Bd5
44.Rb2 Kf7 45.Kf2 g6 46.hxg6+ hxg6 47.Rh3 Kg7 48.b4 c4 49.Rd2 Bc6 50.Ke1 cxd3
51.Rhxd3 Rc7 52.g3 Kf7 53.Re3 g5 54.Rd6 Bb5 55.Kd2 Rc8 56.Re1 Rh8 57.Ke3 Rc8
58.Rc1 Rc4 59.Rd4 Rc8 60.c4 Bc6 61.Rd6 Be4 62.Rxa6 Rd8 63.Rd6 Rh8 64.a6 Rh3
65.Rg1 f4+ 66.Kxe4  1-0

[Event "22nd Anderssen Mem Eliminacje"]
[Site "Wroclaw POL"]
[Date "2013.06.29"]
[Round "9"]
[White "Swicarz,M"]
[Black "Stachowiak,K"]
[Result "1/2-1/2"]
[WhiteElo "2238"]
[BlackElo "2474"]

1.e4 c5 2.Nc3 Nc6 3.Bb5 g6 4.Bxc6 dxc6 5.f4 Bg7 6.Nf3 Nf6 7.O-O O-O 8.d3 Bg4
9.Qe1 Bxf3 10.Rxf3 Ne8 11.Qh4 e6 12.Qxd8 Rxd8 13.e5 f6 14.exf6 Nxf6 15.Be3 b6
16.Re1 Nd5 17.Nxd5 cxd5 18.b3 Rde8 19.Rf2 e5 20.fxe5 Rxf2 21.Bxf2 Rxe5 22.Rxe5 Bxe5
23.Kf1 Kf7 24.h3 Ke6 25.Ke2 h5 26.Kf3 Kf5 27.g4+ hxg4+ 28.hxg4+ Ke6 29.c4 Bc7
30.Be1 Bd6 31.Bd2 Be5 32.Bg5 Bc7 33.Ke3 Bd6 34.Kf3 Bc7 35.Bh4 Be5 36.Bd8 Kd7
37.Bg5 Ke6 38.Be3  1/2-1/2

[Event "20th Abu Dhabi Masters 2013"]
[Site "Abu Dhabi UAE"]
[Date "2013.06.30"]
[Round "1.4"]
[White "Ramnath,B"]
[Black "Guseinov,G"]
[Result "1/2-1/2"]
[WhiteElo "2352"]
[BlackElo "2631"]

1.e4 c5 2.Nf3 Nc6 3.Nc3 g6 4.Bb5 Bg7 5.O-O d6 6.Re1 e5 7.a3 Ne7 8.d3 O-O
9.Bc4 h6 10.b4 b6 11.Nd5 Rb8 12.Rb1 Be6 13.c3 g5 14.h4 gxh4 15.Nxh4 Nxd5
16.exd5 Qxh4 17.dxe6 fxe6 18.Bxe6+ Kh8 19.Be3 Ne7 20.Qg4 Qf6 21.c4 Rbd8 22.g3 cxb4
23.axb4 d5 24.cxd5 Nxd5 25.Bxd5 Rxd5 26.Qe4 Rd7 27.Rec1 Qf5 28.Ra1 Kg8 29.Rc6 h5
30.Kg2 Rff7  1/2-1/2

[Event "HSC/De Legibus Open 2013"]
[Site "Helmond NED"]
[Date "2013.06.30"]
[Round "6.6"]
[White "Guliyev,N"]
[Black "Blijlevens,P"]
[Result "1-0"]
[WhiteElo "2561"]
[BlackElo "1934"]

1.e4 c5 2.Nf3 Nc6 3.Nc3 g6 4.d4 cxd4 5.Nxd4 Bg7 6.Be3 d6 7.Bc4 Nf6 8.h3 O-O
9.Bb3 Na5 10.O-O a6 11.Re1 b5 12.Qd2 Bb7 13.Bg5 Rc8 14.Nd5 Nxd5 15.exd5 Re8
16.Re2 Nc4 17.Bxc4 Rxc4 18.c3 Bxd4 19.cxd4 Bxd5 20.Rae1 Rc7 21.Qf4 f6 22.Bxf6 Rf8
23.Qg5 Rxf6 24.Qxd5+ Kg7 25.Qb3 Rf7 26.a4 Qd7 27.axb5 axb5 28.Re6 Rc4 29.Qe3 Rc7
30.h4 Rc2 31.f3 Qa7 32.Kh2 Rxb2 33.h5 Qa2 34.Qg5 Kh8 35.Rxe7 Rxe7 36.Rxe7  1-0